01066nam a2200205Ia 4500003000900000008004100009020001800050040001600068080002300084100003000107111017300137245033200310260004200642300001500684490005100699650004100750650002100791650002100812700002700833IN-BaIIA211028s9999 xx 000 0 eng d a90-277-2522-5 cIIA Library a52(082.1)bASS-136 aLamers, Henny J. G. L. M. aWorkshop in Honour of Professor Cees De Jager on the occasion of his 65th birthday on instabilities in luminous early type starscLunteren, Netherlandsd1986 Apr. 21-24 0aInstabilities in luminous early type starsbproceedings of a workshop in honour of Professor Cees De Jager on the occasion of his 65th birthday on instabilities in luminous early type stars, held in Lunteren, Netherlands, 21-24 April 1986cHenny J. G. L. M. Lamers and De Loore, Camiel, W. H.  aDordrechtbD. Reidel Publishingc1987 axvi, 290p. aAstrophysics and space science library; v. 136 aAstronomy and Astrophysics Thesaurus aEarly type stars aWolf-Rayet stars aCamiel, W. H. De Loore